| 000 | 00867nam a22002777a 4500 | ||
|---|---|---|---|
| 003 | CHAP | ||
| 005 | 20220329134637.0 | ||
| 008 | 971013s1841 r 00010 d | ||
| 010 | _a23516 | ||
| 011 | _a24488 | ||
| 035 | _a28587 | ||
| 040 | _cCHAP | ||
| 082 |
_a772.12 _bD3 |
||
| 100 | 0 | 0 |
_aChevalier, Charles. _922193 |
| 245 | _aNouvelles instructions sur l'usage du daguerréotype | ||
| 260 |
_aParis : _bChez l'auteur, _c1841 |
||
| 300 |
_a78 p. _b: ilus |
||
| 500 | _aEncuadernado con: Daguerre, L.J. Historique et description des procédés du daguerréotype | ||
| 590 |
_aBATCH-UPD _b10 _c20130110 _lUCH01 _h0149 |
||
| 590 |
_aBATCH-UPD _b10 _c20130110 _lUCH01 _h2247 |
||
| 590 |
_aCONVERSION _b10 _c20130109 _lUCH01 _h1314 |
||
| 650 | 1 | 4 |
_aDaguerrotipo. _930888 |
| 901 | _aBK | ||
| 942 | _cLIBRO | ||
| 949 |
_a772.12 D3 _bBC _cBPP _d-65875 _eBPP _h25667 _i28587 _si |
||
| 999 |
_c23516 _d23516 |
||